000 00490cam a2200193ua 4500
001 1792
008 110811n ii |||gr||||Z||||||eng
020 _a81-7158-105-6
040 _cMAIN
082 _a374
100 _aSharma, S. R.,
_eAuthor.
245 1 _aDemocracy and education
_cby S. R. Sharma
250 _a1st.
260 _aNew Delhi:
_bAkashdeep publishing house.
300 _aix; 530p:
_bill;
_c23cm.
653 _aEducation
653 _aDemocracy and education
942 _cBK
999 _c1676
_d1676